[Event "Marmaris Karya-12 IM 2022"]
[Site "Icmeler-Marmaris"]
[Date "2022.01.22"]
[Round "3.3"]
[White "Atayman, Evren"]
[Black "Boshra, Alshaeby"]
[Result "0-1"]
[WhiteElo "1616"]
[BlackElo "1974"]
[Annotator "TA"]
[PlyCount "70"]
[EventDate "2022.01.22"]
[EventType "schev"]
[EventCountry "TUR"]
[SourceTitle "playchess.com"]
[Source "ChessBase"]
[SourceQuality "1"]

{[%evp 14,70,55,38,72,2,7,0,0,0,0,-27,28,-9,-5,-19,-17,-31,-20,-28,-26,-39,-24,-40,-28,-48,-58,-79,-54,-60,-7,-50,-41,-132,-138,-138,-135,-138,-129,-185,-185,-197,-187,-187,-187,-243,-257,-253,-231,-318,-316,-448,-436,-966,-529,-29992,-29993,-29996,-29997]} 1. d4 Nf6 2. Nf3 g6 3. c4 Bg7 4. Nc3 O-O 5. e4 d6 6. Be2 Qe8 7. O-O e5 8. d5 Nfd7 {E94: King's Indian: Classical: 6 Be2 e5 7 0-0: Various Black 7th moves.} 9. b4 (9. a3 $16) 9... a5 $11 10. bxa5 Rxa5 {The position is equal.} 11. Nb5 Qd8 $1 12. Be3 {[#]} b6 $146 (12... Ra8 $142) ({Predecessor:} 12... Nc5 13. Nd2 Ra6 14. f3 f5 15. Nb3 Nbd7 16. Qc2 b6 17. Bd3 f4 18. Nxc5 bxc5 {0-1 (46) Tan,Z (2276)-Xie,J (2573) Suzhou 2006}) 13. a4 Nc5 $1 14. Bxc5 bxc5 15. Nd2 f5 16. Nb3 Ra6 17. Nc3 Nd7 18. a5 Nf6 19. exf5 gxf5 20. Nb5 Kh8 21. Ra3 f4 ({Better is} 21... Rg8 $15) 22. Nd2 (22. Qe1 $11) 22... e4 $1 $15 {[%cal Be5e4,Be4e3][%mdl 32]} 23. f3 (23. Qc2 $15) 23... e3 $17 24. Ne4 Nxe4 25. fxe4 Be5 26. Qe1 (26. Bg4 $17 {keeps fighting.}) 26... Rg8 $19 27. Kh1 Qe7 ({Inferior is} 27... Qg5 28. Bf3) 28. Bf3 Rg6 29. Nc3 (29. Ra2 $142) 29... Ra8 {[%cal Ba6a8,Ba8b8,Bb8b2][%mdl 32]} 30. Ne2 {[#]} Ba6 $1 31. Ra4 Rb8 32. Nc1 (32. Ra2 $142) 32... Qd7 33. Bd1 (33. Qd1 $142 Rb1 34. Ra3) 33... Rb2 34. Rg1 f3 35. Bxf3 {[#]} Qh3 $1 {[%mdl 512] Weighted Error Value: White=0.57/Black=0.31} 0-1

[Event "Marmaris Karya-12 IM 2022"]
[Site "Icmeler-Marmaris"]
[Date "2022.01.22"]
[Round "3.4"]
[White "Ozcan, Alperen"]
[Black "Sibashvili, Giorgi"]
[Result "0-1"]
[WhiteElo "1578"]
[BlackElo "2398"]
[Annotator "TA"]
[PlyCount "120"]
[EventDate "2022.01.22"]
[EventType "schev"]
[EventCountry "TUR"]
[SourceTitle "playchess.com"]
[Source "ChessBase"]
[SourceQuality "1"]

{[%evp 20,120,-31,-44,-25,-43,-48,-44,-45,-38,-58,-53,0,0,0,0,0,0,0,-28,-22,-85,-79,-70,-82,-196,-194,-187,-158,-151,-149,-155,-154,-158,-141,-199,-199,-198,-200,-260,-247,-248,-234,-271,-247,-264,-262,-240,-223,-296,-287,-363,-363,-360,-363,-420,-323,-310,-245,-296,0,-288,0,-367,-360,-358,-368,-447,-445,-428,-408,-386,-381,-386,-386,-385,-423,-429,-326,-957,-898,-661,-852,-866,-855,-1602,-1437,-1772,-1685,-1483,-1235,-2265,-1906,-29972,-29971,-29981,-29976,-29986,-29987,-29987,-29988,-29984,-29981]} 1. d4 Nf6 2. c4 c5 3. e3 g6 4. Nf3 Bg7 5. Be2 O-O 6. O-O cxd4 7. exd4 d5 8. Nc3 Nc6 9. Bf4 Bg4 10. Be3 dxc4 11. Bxc4 Rc8 {D94: Grünfeld: 4 Nf3 Bg7 5 e3.} 12. Be2 Nd5 13. h3 Bf5 {Black is slightly better.} 14. Nxd5 Qxd5 15. Qd2 Na5 ({Better is} 15... Rfd8 $15) 16. Rfc1 Nc4 17. Bxc4 Rxc4 18. Rxc4 Qxc4 19. b3 Qd5 {[%cal Of5h3] [#]} 20. Bh6 $146 {[#]} (20. Qb4 $11 {remains equal.}) ({Predecessor:} 20. Nh4 Rd8 21. Nxf5 gxf5 22. Rd1 e6 23. Bh6 Qxd4 24. Qg5 Qxd1+ 25. Kh2 {0-1 (37) Lopez Garcia,I (1572)-Vesga Izeta,M (1821) Salobrena 2020}) 20... Bxh3 $1 $17 {[%cal Of8d8]} 21. Bxg7 (21. Re1 Bg4) 21... Kxg7 22. Qg5 (22. Re1 $17) 22... Qxg5 $19 23. Nxg5 {[%mdl 4096] Endgame KRB-KRN} Bd7 {[%cal Bh3d7,Bd7e6,Be6d5][%mdl 32]} 24. Re1 Re8 25. Nf3 Be6 26. Re5 h6 27. Rc5 (27. d5 $17 Bf5 28. d6) 27... Rc8 28. Ne5 f6 29. Nd3 Rxc5 30. Nxc5 {KB-KN} Bd5 31. f3 g5 32. Kf2 h5 {[%cal Bh6h5,Bh5h4][%mdl 32]} 33. Ke3 Kg6 34. Nd3 Kf5 35. Nf2 h4 36. Ng4 Bc6 37. Nh6+ Kg6 38. Ng4 Kh5 39. Kf2 Kg6 40. Ke3 $1 Kf5 $2 ({Black should try} 40... b5 $19 {...b4 is the strong threat.} 41. Nf2 Kf5) 41. Nf2 $2 {[%mdl 8192]} (41. Nh6+ $1 $11 {and White stays safe.} Ke6 42. Ng4) 41... e5 42. dxe5 Kxe5 ({But not} 42... fxe5 $2 43. b4 $19) 43. Ng4+ Ke6 44. Nf2 f5 {[%cal Bf6f5,Bf5f4][%mdl 32]} 45. Nh3 Kf6 46. Nf2 Bb5 47. Nh3 f4+ 48. Kf2 Bd7 {Strongly threatening ...Bxh3.} 49. Ng1 (49. Ke2) 49... g4 50. Ne2 g3+ 51. Ke1 Ke5 52. Ng1 a5 53. Kd2 Bb5 {( -> ...Bf1)} 54. Ke1 {Inhibits Bf1.} Kd4 55. Nh3 Ke3 {White must now prevent ...Bd7.} 56. Ng1 Bd3 {Black mates.} 57. Nh3 b5 58. a3 b4 59. axb4 axb4 60. Ng1 Bc2 {Weighted Error Value: White=0.66/Black=0.18 (very precise)} 0-1

[Event "Marmaris Karya-12 IM 2022"]
[Site "Icmeler-Marmaris"]
[Date "2022.01.22"]
[Round "3.5"]
[White "Ozturk, Ibrahim Muhammed"]
[Black "Darban, Morteza"]
[Result "0-1"]
[WhiteElo "1265"]
[BlackElo "2261"]
[Annotator "TA"]
[PlyCount "88"]
[EventDate "2022.01.22"]
[EventType "schev"]
[EventCountry "TUR"]
[SourceTitle "playchess.com"]
[Source "ChessBase"]
[SourceQuality "1"]

{[%evp 13,87,18,37,-33,-29,-29,-14,-47,-29,-66,-72,-69,-59,-95,-87,-175,-176,-325,-297,-301,-258,-371,-382,-375,-379,-442,-394,-443,-444,-505,-510,-497,-494,-547,-534,-693,-689,-670,-679,-839,-824,-818,-838,-1406,-1391,-1547,-1502,-1845,-1573,-2083,-1624,-1538,-1598,-1606,-1563,-29985,-29986,-29988,-29989,-29989,-29990,-29990,-29991,-29992,-29993,-29993,-29994,-29994,-29995,-29996,-29997,-29997,-29998,-29998,-29999,-29999]} 1. e4 c5 2. Nf3 Nc6 3. d4 cxd4 4. Nxd4 Nf6 5. Nc3 d6 6. Bc4 Bd7 7. Be3 Ng4 $1 {7...Ng4 is better than 7...g6.} 8. Qd2 {B57: Classical Sicilian: Sozin with 6...Qb6.} ({Much weaker is} 8. Qf3 Nce5 9. Qe2 Nxe3 10. fxe3 g6 $15) ({White should try} 8. Nxc6 $14 bxc6 9. Bf4 (9. Qf3 Ne5 $11)) 8... Nxe3 $15 9. Qxe3 e6 {[#]} 10. h4 $146 {The position is equal.} ({Predecessor:} 10. O-O-O a6 11. Bb3 Be7 12. Kb1 b5 13. f4 Na5 14. f5 e5 15. Nf3 Nxb3 16. axb3 {½-½ (71) Neuber,P (1812)-Huo,D (1918) Willingen 2021}) 10... Be7 {[%cal Bf8e7,Be7f6,Bf6c3][%mdl 32]} 11. Nf3 a6 12. a3 Qc7 13. Ba2 b5 14. b4 (14. O-O $17) 14... Bf6 $19 {[%cal Oc6b4]} 15. Rd1 {[#]} (15. O-O {was called for.}) 15... Nxb4 $1 {[%mdl 512]} 16. axb4 {[%cal Oe4e5] Hoping for e5!} Qxc3+ 17. Qxc3 (17. Kf1 {keeps fighting.}) 17... Bxc3+ 18. Ke2 Bxb4 19. e5 d5 20. Ne1 Rc8 21. Bb3 a5 {[%cal Ba6a5,Ba5a4][%mdl 32]} 22. Nd3 Bc3 23. Rb1 Ke7 24. Nf4 Bxe5 25. Nd3 Bf6 26. g4 a4 27. g5 Bd4 28. Ba2 Rxc2+ 29. Kd1 Rxa2 30. h5 Rc8 31. Rh4 {[#]} Ra1 $1 32. Rxa1 Bxa1 33. f4 g6 34. Ne5 Bxe5 {Black mates.} 35. fxe5 {KRB-KR} a3 36. Rh2 b4 37. hxg6 hxg6 38. Ra2 b3 39. Rxa3 b2 40. Ke2 b1=Q 41. Rd3 Bb5 42. Kf2 Qxd3 43. Kg2 Rc2+ 44. Kh1 Qd1# {White got outplayed after the opening.  Weighted Error Value: White=1.00/Black=0.07 (flawless)} 0-1

[Event "Marmaris Karya-12 IM 2022"]
[Site "Icmeler-Marmaris"]
[Date "2022.01.22"]
[Round "4.1"]
[White "Haussernot, Cecile"]
[Black "Koseoglu, Osman Ogul"]
[Result "1-0"]
[WhiteElo "2188"]
[BlackElo "1733"]
[Annotator "TA"]
[PlyCount "79"]
[EventDate "2022.01.22"]
[EventType "schev"]
[EventCountry "TUR"]
[SourceTitle "playchess.com"]
[Source "ChessBase"]
[SourceQuality "1"]

{[%evp 9,79,-4,0,0,-6,-31,-21,-40,-40,-54,-39,-54,-14,-15,-19,-21,-11,-25,0,10,74,66,70,74,60,45,62,59,113,55,132,127,127,87,74,27,26,0,274,277,378,372,376,387,396,366,366,375,448,420,441,285,315,259,685,712,564,519,12835,12835,12833,12835,12836,12836,12836,12835,12843,12844,29982,29983,29983,12848]} 1. d4 Nf6 2. Nf3 d5 3. e3 c5 4. b3 cxd4 5. exd4 Bg4 6. Bb2 {D04: Colle System.} e6 7. Bd3 Nc6 8. a3 {The position is equal.} Bd6 9. Nbd2 {To avoid Ne4} O-O 10. O-O Qc7 {[%cal Od6h2] Strongly threatening ...Bxh2+!} 11. h3 Bh5 {[%cal Od6h2]} 12. c4 Bf4 13. Qc2 Rad8 14. c5 {[#]} e5 $146 (14... b6 $11) ({Predecessor:} 14... Rfe8 15. g4 Bg6 16. Bxg6 hxg6 17. Rae1 e5 18. dxe5 Nxe5 19. Bxe5 Bxe5 20. b4 Bf4 21. Rxe8+ Rxe8 22. Re1 Rxe1+ 23. Nxe1 Bxd2 24. Qxd2 Qe5 {½-½ (24) John,W-Suechting,H Ostend 1907}) 15. dxe5 $16 Nxe5 16. Nxe5 Bxe5 17. b4 Rfe8 {[%cal Oh5e2]} 18. Rfe1 b6 (18... Bxb2 $14 19. Qxb2 Bg6 20. Bxg6 hxg6) 19. Nb3 (19. Rxe5 $16 Rxe5 20. Bxe5 Qxe5 21. Rc1) 19... Ne4 (19... Bxb2 $14 20. Qxb2 bxc5 21. Rxe8+ (21. bxc5 Rxe1+ 22. Rxe1 Bg6 $14) (21. Nxc5 Qf4 $14) 21... Rxe8 22. bxc5 (22. Nxc5 Qd6 $11) 22... Bg6) 20. Bxe5 Rxe5 21. cxb6 (21. Bxe4 $6 dxe4 22. Qc4 (22. Rxe4 $2 Bg6 $19) 22... h6 $14) 21... Qxb6 (21... Qxc2 $2 22. Bxc2 axb6 23. f3 $18) 22. Nc5 ({Don't play} 22. Bxe4 dxe4 23. Nc5 (23. Rxe4 $2 Bg6 $19) 23... f5 $11) ({White should play} 22. Qb2 $16 f6 23. Rac1) 22... Bg6 $11 23. Rad1 {[%cal Rd3e4]} (23. Qb2 {feels hotter.} Ree8 24. Qd4 Nxc5 25. bxc5 Qc6 26. Rxe8+ Rxe8 27. Bxg6 hxg6 28. Rc1) 23... a5 $2 {[%mdl 8192] [#] White now steadily converts the win.} (23... Nxc5 $11 {and Black is okay.} 24. Bxg6 (24. Rxe5 Nxd3 25. Rxd3 Qb8 $11) 24... Rxe1+ 25. Rxe1 hxg6 26. bxc5 Qc6) 24. Bxe4 $18 Bxe4 25. Rxe4 ({Not} 25. Nxe4 dxe4 26. Rxd8+ Qxd8 $16) 25... Rxe4 (25... dxe4 $2 26. Nd7 Qe6 27. Nxe5 $18) 26. Nxe4 dxe4 27. Rxd8+ Qxd8 28. Qxe4 {[#] aiming for bxa5.} axb4 29. axb4 {[%mdl 4096] Endgame KQ-KQ} Qd1+ 30. Kh2 {[%cal Re4e8]} Qd6+ 31. g3 {Hoping for b5.} g6 $2 (31... Qb8 32. b5 h5) 32. Qb7 h5 33. h4 g5 (33... f5 $142 34. b5 f4) 34. Qc8+ Kg7 35. Qc5 Qd1 36. Qxg5+ Kf8 37. Qc5+ Ke8 38. b5 Kd8 39. b6 Qf3 40. b7 {Weighted Error Value: White=0.13 (very precise) /Black=0.83} (40. Qc7+ $142 Ke8 41. Qb8+ Ke7 42. Qa7+ Ke8 43. b7 Qb3 44. b8=Q+ Qxb8 45. Qxb8+ Kd7 46. Qb5+ Ke7 47. Qxh5) 1-0

[Event "Marmaris Karya-12 IM 2022"]
[Site "Icmeler-Marmaris"]
[Date "2022.01.22"]
[Round "4.2"]
[White "Boshra, Alshaeby"]
[Black "Inci, Okan"]
[Result "1-0"]
[WhiteElo "1974"]
[BlackElo "1653"]
[Annotator "RC"]
[PlyCount "79"]
[EventDate "2022.01.22"]
[EventType "schev"]
[EventCountry "TUR"]
[SourceTitle "playchess.com"]
[Source "ChessBase"]
[SourceQuality "1"]
[TimeControl "5400+30"]

1. e4 {[%emt 0:03:00]} e5 {[%emt 0:01:00]} 2. Nf3 {[%emt 0:00:30]} Nc6 {[%emt 0:00:00]} 3. Bb5 {[%emt 0:00:00]} a6 {[%emt 0:00:00]} 4. Ba4 {[%emt 0:00:00]} Nf6 {[%emt 0:00:00]} 5. d4 {[%emt 0:00:30]} b5 {[%emt 0:01:00]} 6. Bb3 {[%emt 0:00:00]} Nxe4 {[%emt 0:05:30]} 7. O-O {[%emt 0:00:00]} d5 {[%emt 0:00:00]} 8. Nxe5 {[%emt 0:26:30]} Nxe5 {[%emt 0:03:00]} 9. dxe5 {[%emt 0:00:30]} Be6 {[%emt 0:00:00]} 10. Nd2 {[%emt 0:02:30]} Nxd2 {[%emt 0:02:00]} 11. Bxd2 {[%emt 0:00:00]} Bc5 {[%emt 0:02:30]} 12. Kh1 {[%emt 0:02:00]} O-O {[%emt 0:03:30]} 13. f4 {[%emt 0:06:30]} Qd7 {[%emt 0:00:30]} 14. Qe1 {[%emt 0:02:30]} c6 {[%emt 0:01:30]} 15. Qg3 {[%emt 0:06:30]} Bf5 {[%emt 0:05:30]} 16. Rae1 {[%emt 0:00:30]} Rfe8 {[%emt 0:00:30]} 17. c3 {[%emt 0:11:30]} Re6 {[%emt 0:00:30]} 18. Be3 {[%emt 0:04:30]} Be7 {[%emt 0:05:30]} 19. Qf2 {[%emt 0:00:30]} Kh8 {[%emt 0:04:30]} 20. Bc2 {[%emt 0:04:30]} Rg6 {[%emt 0:02:30]} 21. Bxf5 {[%emt 0:00:30]} Qxf5 {[%emt 0:00:30]} 22. Bc5 {[%emt 0:00:30]} Bxc5 {[%emt 0:05:30]} 23. Qxc5 {[%emt 0:00:30]} h5 {[%emt 0:00:30]} 24. Rf2 {[%emt 0:12:38]} a5 {[%emt 0:03:30]} 25. Qe7 {[%emt 0:01:22]} Re6 {[%emt 0:03:30]} 26. Qh4 {[%emt 0:06:49]} g6 {[%emt 0:03:30]} 27. h3 {[%emt 0:01:07]} Kg7 {[%emt 0:02:30]} 28. g4 {[%emt 0:04:37]} hxg4 {[%emt 0:08:30]} 29. hxg4 {[%emt 0:00:04]} Qd3 {[%emt 0:00:00]} 30. Rh2 {[%emt 0:03:32]} Qf3+ {[%emt 0:01:00]} 31. Kg1 {[%emt 0:00:35]} Qxf4 {[%emt 0:00:00]} 32. Qh7+ {[%emt 0:00:53]} Kf8 {[%emt 0:00:00]} 33. Rf1 {[%emt 0:00:50]} Qe3+ {[%emt 0:01:30]} 34. Rhf2 {[%emt 0:00:29]} Ra7 {[%emt 0:01:30]} 35. Qh8+ {[%emt 0:00:21]} Ke7 {[%emt 0:00:30]} 36. Kg2 {[%emt 0:00:39]} Rxe5 {[%emt 0:00:00]} 37. Rxf7+ {[%emt 0:00:08]} Kd6 {[%emt 0:09:00]} 38. Qb8+ {[%emt 0:00:29]} Kc5 {[%emt 0:00:30]} 39. Qxa7+ {[%emt 0:00:06]} Kc4 {[%emt 0:00:00]} 40. b3+ {[%emt 0:00:33]} 1-0

[Event "Marmaris Karya-12 IM 2022"]
[Site "Icmeler-Marmaris"]
[Date "2022.01.22"]
[Round "4.3"]
[White "Sibashvili, Giorgi"]
[Black "Atayman, Evren"]
[Result "1-0"]
[WhiteElo "2398"]
[BlackElo "1616"]
[Annotator "TA"]
[PlyCount "63"]
[EventDate "2022.01.22"]
[EventType "schev"]
[EventCountry "TUR"]
[SourceTitle "playchess.com"]
[Source "ChessBase"]
[SourceQuality "1"]

{[%evp 16,63,39,39,49,44,64,55,59,54,91,83,87,78,87,81,92,70,100,92,183,169,174,163,200,191,193,206,205,206,202,206,189,199,241,205,216,213,208,216,403,385,365,376,647,635,2395,2145,6403,3027]} 1. c4 e6 2. g3 d5 3. Bg2 Nf6 4. Nf3 c6 5. b3 Bd6 6. Bb2 Nbd7 7. d4 O-O 8. O-O Qe7 9. Ne5 Re8 {E01: Catalan: Early deviations.} 10. Nd2 Ba3 11. Bxa3 Qxa3 {White is slightly better.} 12. e4 {[%cal Oe5f7] [#]} dxe4 $146 {Black is on the road to losing.} ({Predecessor:} 12... Qb2 13. Nxd7 Nxd7 14. exd5 cxd5 15. cxd5 Qxd4 16. dxe6 Rxe6 17. Nc4 Qf6 18. Bd5 Ne5 19. Nxe5 Rxe5 {½-½ (38) Muth,M (2006)-Rosenberger,F (2165) Schwaebisch Gmuend 2012}) 13. Nxe4 ({Reject} 13. Bxe4 $6 Qd6 $11) 13... Nxe4 14. Bxe4 Nf6 15. Bg2 Rd8 16. Qd2 Qd6 {[%cal Od6e5]} 17. Rfd1 {White is much more active.} c5 {[#]} (17... Qe7 $16) 18. Qf4 $1 $18 {Hoping for dxc5.} cxd4 19. Rd2 Qc7 20. Rad1 ({Don't do} 20. Rxd4 $6 Rxd4 21. Qxd4 Bd7 $16) 20... Bd7 21. Rxd4 Be8 22. Rxd8 Rxd8 23. Rxd8 Qxd8 24. Bxb7 Qd1+ 25. Kg2 Qc2 26. Qd4 Qxa2 27. Qd8 {[#] Strongly threatening Bc6.} Qxb3 $2 (27... Qe2) 28. Bc6 Qb6 29. Qa8 Kf8 (29... g5 30. Nd7 Nxd7) 30. Bxe8 {White is clearly winning.} Ke7 31. Bb5 {Nc6+ is the strong threat.} Qc7 32. Nc6+ {Weighted Error Value: White=0.01 (flawless) /Black=0.50} 1-0

[Event "Marmaris Karya-12 IM 2022"]
[Site "Icmeler-Marmaris"]
[Date "2022.01.22"]
[Round "4.4"]
[White "Darban, Morteza"]
[Black "Ozcan, Alperen"]
[Result "1-0"]
[WhiteElo "2261"]
[BlackElo "1578"]
[Annotator "TA"]
[PlyCount "71"]
[EventDate "2022.01.22"]
[EventType "schev"]
[EventCountry "TUR"]
[SourceTitle "playchess.com"]
[Source "ChessBase"]
[SourceQuality "1"]

{[%evp 11,71,4,8,9,15,0,12,-20,-4,1,15,16,48,41,39,45,35,23,56,58,51,47,57,42,47,36,56,45,74,42,92,55,149,35,80,40,39,32,30,39,30,13,49,38,159,160,160,155,155,156,397,397,599,584,564,597,540,466,29988,29989,29990,29991]} 1. Nf3 d5 2. g3 Nf6 3. Bg2 c6 4. O-O Bf5 5. b3 e6 6. Bb2 Nbd7 7. d3 {A07: Réti Opening: New York and Capablanca Systems.} Be7 {7...Be7 scores better than 7...h6.} 8. Nc3 {[%cal Oe2e4]} O-O 9. Nd2 {The position is equal.} Bg4 {[#]} 10. Qe1 $146 ({Predecessor:} 10. h3 Bh5 11. g4 Bg6 12. e4 Ne8 13. f4 f5 14. gxf5 exf5 15. exd5 cxd5 16. Nxd5 {0-1 (49) Pekkul,A (1483)-Ozcan,A (1516) Antalya 2020}) 10... Bb4 11. a3 Ba5 12. h3 Bh5 ({Less strong is} 12... d4 13. Nd1 Bf5 14. Bxd4 $16) 13. e4 dxe4 14. dxe4 Bg6 15. Nc4 Bc7 16. a4 {To avoid b5} Nb6 17. Rd1 Qb8 18. Ne3 Rd8 19. f4 h6 20. Qe2 Nbd7 (20... a5 $14) 21. Kh2 {White is more active.} a6 {[#]} ({Black should play} 21... e5 $14) 22. Rd2 (22. e5 $1 $16 {[%cal Re5f6]}) 22... Nc5 (22... e5 $14 23. f5 Bh7) 23. Ng4 Nxg4+ 24. hxg4 Rxd2 25. Qxd2 {Black must now prevent b4.} Qd8 26. Qe3 Bb6 {[%cal Oc5a4]} 27. Rd1 Qc7 (27... Qf8 $14) 28. a5 $1 $36 {[%mdl 2048] Keeping Black busy.} Ba7 {[%cal Oc5a4] [#]} 29. Qd2 $1 {Hoping for b4.} Qxa5 30. f5 exf5 {A mistake that costs the game.} (30... Nxe4 $16 31. Nxe4 (31. Bxe4 exf5 32. gxf5 Bxf5 $16) 31... Qxd2 32. Rxd2 (32. Nxd2 exf5 33. Nc4 fxg4 $14) 32... exf5) 31. exf5 $18 Bh7 (31... Qc7 $142 32. fxg6 fxg6) 32. b4 Qc7 33. bxc5 Bxc5 34. Ne4 Bb6 (34... Bf8 $18 35. Qxh6 gxh6 36. Nf6+ Kh8 37. Ne8+ Kg8 38. Nxc7 Rc8) 35. Qc3 {[%csl Gb2][%cal Rc3g7]} f6 {[#]} 36. Nxf6+ $1 {[%mdl 512] Weighted Error Value: White=0.14 (very precise) /Black=0.53} 1-0

[Event "Marmaris Karya-12 IM 2022"]
[Site "Icmeler-Marmaris"]
[Date "2022.01.22"]
[Round "4.5"]
[White "Ahmad, Al Khatib"]
[Black "Ozturk, Ibrahim Muhammed"]
[Result "0-1"]
[WhiteElo "2218"]
[BlackElo "1265"]
[Annotator "TA"]
[PlyCount "101"]
[EventDate "2022.01.22"]
[EventType "schev"]
[EventCountry "TUR"]
[SourceTitle "playchess.com"]
[Source "ChessBase"]
[SourceQuality "1"]

{[%evp 15,101,19,26,0,0,0,56,35,81,87,78,32,37,45,68,40,67,59,120,91,305,210,195,205,219,220,225,202,252,243,534,529,579,577,571,536,546,542,588,568,761,758,749,725,756,763,758,759,729,691,738,709,752,746,751,729,743,738,735,729,912,883,837,886,849,820,982,981,942,928,5700,5522,29996,1279,1259,912,1214,1114,1050,935,896,790,976,987,1435,1331,6089,6079]} 1. Nf3 Nf6 2. g3 d5 3. Bg2 c6 4. b3 Bf5 5. Bb2 Nbd7 6. d3 e6 7. Nbd2 Bd6 8. O-O O-O 9. Qe1 {Threatens to win with e4. A07: Réti Opening: New York and Capablanca Systems.} (9. e4 {is more complex.} Bg4 10. h3 Bxf3 11. Qxf3 Re8 12. d4) 9... e5 10. e4 dxe4 (10... Bg4 $11) 11. dxe4 $14 {White is slightly better.} Bg6 {[#]} (11... Be6 $1 $14) 12. Nc4 $146 {[%csl LRd6,LRe5]} ({Predecessor:} 12. Rd1 Qa5 13. Nc4 Qxe1 14. Rfxe1 Bc7 15. Nfxe5 Nxe5 16. Nxe5 Rfd8 17. f3 Rxd1 18. Rxd1 {1-0 (51) Tommasini,E (2086)-Mosteller,R Leopoldsburg 2000}) 12... Qb8 13. Nh4 ({White should play} 13. Nxd6 $16 Qxd6 14. Nh4) 13... Bc5 14. b4 $36 {[%mdl 2048] Black is under pressure.} Bb6 15. Rd1 Bh5 16. Rd3 Qc7 ({Better is} 16... Bc7 $14) 17. Nf5 Ng4 $2 {Black cannot hold the game after this.} (17... Bg4 $16) 18. h3 Bxf2+ 19. Rxf2 Nxf2 20. Qxf2 {[%cal Of5g7] Black must now prevent Nxg7!} f6 21. g4 Bf7 22. Ncd6 Nb6 $2 (22... Be6 23. Qh4 Bxf5) 23. g5 $18 {aiming for gxf6.} Bg6 24. gxf6 gxf6 25. Qg3 Kh8 {[#]} 26. Bxe5 $1 {[%mdl 512]} Bxf5 (26... a6 27. Bf4) 27. Nxf5 {Bxf6+ would kill now.} fxe5 {[#]} 28. Rd7 {[%csl Gd7,Gf5][%cal Rg3g7][%mdl 512] To avoid Nd5} Rg8 {[#] Prevents Qg7+.} 29. Qxg8+ $3 {[%mdl 512]} Rxg8 (29... Kxg8 30. Rxc7) 30. Rxc7 Rb8 31. Nd6 Kg8 32. Nxb7 Nc4 33. Bf3 Nd2 34. Bg4 Nxe4 35. Bf5 Nf6 36. Be6+ Kh8 37. Nd6 Rf8 38. Nf7+ Kg7 39. Nxe5+ Kh6 40. Ng4+ Nxg4 41. Bxg4 {[%mdl 4096] Endgame KRB-KR} Kg5 42. Rxc6 Kh4 43. Kg2 {White wants to mate with Rc5.} Rd8 44. Rh6+ (44. Rc5 $142 Rd2+ 45. Kf3 Rd3+ 46. cxd3 h6 47. Rh5#) 44... Kg5 {White is clearly winning.} 45. Rh5+ Kg6 46. Re5 Rd2+ 47. Re2 Rd4 48. a3 h5 49. Bf3 Kg5 50. Re5+ Kf4 {[#]} 51. Re4+ $1 {[%mdl 32768] Weighted Error Value: White=0.13 (very precise) /Black=0.51. Loss on time!?} 0-1